000 00762nam a2200253Ia 4500
003 OSt
005 20221005024730.0
006 a|||||r|||| 00| 0
007 ta
008 221004b |||||||| |||| 00| 0 ara d
020 _c650.00
024 _a8503
037 _b550, 21/08/2013, Nadwi Publications
_cTextual
040 _aCRL
_cCRL
_bara
041 _2ara
_aara
082 _aO28,3N38:g, Q0
100 _aAsfour Gaber Au.
_9580992
245 0 _aYahya Tahir Abdullah
_bal- amal-al-kamilah
260 _aCairo
_bAl - Hiya al - Missiah al -
_c2010
300 _a729p.
_ccm.
650 _aARABIC FICTION
_964594
942 _hO28,3N38:g, Q0
_cTEXL
_2cc
999 _c933345
_d933345